000 00477nam a2200193Ia 4500
003 OSt
005 20240413092514.0
008 210210b1971 xxu||||| |||| 00| 0 eng d
040 _cAL
041 _aHindi
082 _aH891.3 PRAA
100 _aPRADIP.
_dप्रदीप
_9159958
245 _aAbhimanu.
_bअभिमानु
260 _aAlahabad
_bSamyik Prakashan
_c1971
300 _a73
690 _aHindi Fiction
_9159959
906 _a029941
942 _2ddc
_cBK
999 _c81139
_d81139